00578nam a2200157Ia 4500003000900000008004100009020001800050040001600068080001800084100001700102245020600119260003700325300001300362650002300375700002200398IN-BaIIA211028s9999 xx 000 0 eng d a981-3083-12-3 cIIA Library a524.3-64bSEN aSen, K. K.  0aRadiative transfer in moving mediabbasic mathematical methods for radiative transfer in spherically symmetric moving mediacK. K. Sen and S. J. Wilson  aSingaporebSpringer-Verlagc1998 ax, 254p. aRadiative transfer aWilson, S. J.